00459nam a2200181 a 4500001001300000003000900013005001700022008004100039020001000080082001700090100001600107245004200123260003200165300000900197500003500206505002000241700001600261nice12345678IN_TiNIC20260116013139.0050524s1975 lona grp 000 0 eng  ac24000a297.4bSHA10 aShah, Amina aTale of Four Dervishes of Amir Khusru aLondonbOctagon Pressc1975 a144p aincludes index and biblioraphy2 aGlossary, Index1 aShah, Amina